[Event "Titled Tue 27th May Early"]
[Site "chess.com INT"]
[Date "2025.05.27"]
[Round "7"]
[White "Pavlidou, Ekaterini"]
[Black "Belov, Alexei"]
[Result "0-1"]
[WhiteTitle "WIM"]
[BlackTitle "IM"]
[WhiteElo "2198"]
[BlackElo "2421"]
[WhiteFideId "4213262"]
[BlackFideId "4128206"]
[EventDate "2025.05.27"]

1. d4 d5 2. c4 e6 3. Nf3 Nf6 4. Nbd2 Be7 5. g3 O-O 6. Bg2 Nbd7 7. b3 b6 8. cxd5
Nxd5 9. O-O Bb7 10. a3 c5 11. e4 Nc3 12. Qc2 Ne2+ 13. Kh1 Nxd4 14. Nxd4 cxd4 15.
Bb2 Ne5 16. f4 Ng4 17. Qd3 Ne3 18. Bf3 Nxf1 19. Rxf1 Qd7 20. g4 Rfd8 21. g5 e5
22. f5 Bxg5 23. Nc4 Bf4 24. a4 Ba6 25. Be2 Qe7 26. Qh3 Qg5 27. Rg1 Qh6 28. Qg2
d3 29. Bxe5 Bxe5 30. Nxe5 dxe2 31. Ng4 Qg5 32. Qf2 Rd1 0-1

[Event "Titled Tue 27th May Early"]
[Site "chess.com INT"]
[Date "2025.05.27"]
[Round "7"]
[White "Sathvik Adiga"]
[Black "Zhukovskyi, Oleksandr"]
[Result "1-0"]
[WhiteTitle "IM"]
[BlackTitle "CM"]
[WhiteElo "2341"]
[BlackElo "2153"]
[WhiteFideId "25745700"]
[BlackFideId "14169371"]
[EventDate "2025.05.27"]

1. e4 Nf6 2. e5 Nd5 3. d4 d6 4. Nf3 dxe5 5. Nxe5 c6 6. Bc4 Nd7 7. O-O Nxe5 8.
dxe5 Be6 9. Nd2 g6 10. Ne4 Bg7 11. Ng5 Bf5 12. Re1 h6 13. Nf3 O-O 14. Nd4 Bc8
15. e6 fxe6 16. Nxe6 Bxe6 17. Rxe6 Qd7 18. Rxg6 Qf5 19. Bd3 Qxf2+ 20. Kh1 Nf4
21. Bxf4 Rxf4 22. Qh5 Kf8 23. h3 Rd8 24. Rf1 Qe3 25. Rxf4+ Qxf4 26. Rg4 Qc1+ 27.
Kh2 Rd6 28. Qf5+ Rf6 29. Qc8+ Kf7 30. Bc4+ e6 31. Qd7+ 1-0

[Event "Titled Tue 27th May Early"]
[Site "chess.com INT"]
[Date "2025.05.27"]
[Round "7"]
[White "Troltenier, Dirk"]
[Black "Omariev, Maksim"]
[Result "0-1"]
[WhiteTitle "FM"]
[BlackTitle "FM"]
[WhiteElo "2174"]
[BlackElo "2304"]
[WhiteFideId "4606400"]
[BlackFideId "4193423"]
[EventDate "2025.05.27"]

1. e4 c5 2. Nf3 d6 3. Bb5+ Nd7 4. c3 a6 5. Ba4 b5 6. Bc2 Bb7 7. O-O Ngf6 8. Qe2
e5 9. d4 Be7 10. Rd1 Qc7 11. a4 b4 12. d5 a5 13. Bd3 O-O 14. Nbd2 g6 15. h3 Nh5
16. Nf1 f5 17. exf5 Bxd5 18. Bc4 Bxc4 19. Qxc4+ Kg7 20. fxg6 hxg6 21. N1h2 Nb6
22. Qe2 Rf7 23. Ng4 Nf4 24. Bxf4 Rxf4 25. Ne3 Raf8 26. Nd5 Nxd5 27. Rxd5 Qc6 28.
Rad1 Qxa4 29. Nxe5 Rxf2 30. Qg4 dxe5 31. Rd7 R2f7 0-1

[Event "Titled Tue 27th May Early"]
[Site "chess.com INT"]
[Date "2025.05.27"]
[Round "7"]
[White "Kalyani Sirin"]
[Black "Zgadzaj, Rafal"]
[Result "1-0"]
[WhiteTitle "WFM"]
[BlackTitle "CM"]
[WhiteElo "2136"]
[BlackElo "1988"]
[WhiteFideId "33323500"]
[BlackFideId "1113712"]
[EventDate "2025.05.27"]

1. e4 c6 2. d4 d5 3. e5 Bf5 4. Nf3 h6 5. Be2 e6 6. O-O Nd7 7. Nbd2 Be7 8. c3 c5
9. dxc5 Nxc5 10. Bb5+ Nd7 11. Nd4 Bh7 12. Qg4 g5 13. f4 a6 14. Nxe6 fxe6 15.
Qh5+ Kf8 16. fxg5+ Bf5 17. Bxd7 Qxd7 18. g4 Bc5+ 19. Kh1 Nf6 20. gxf6 Bd3 21.
Re1 d4 22. Qh3 dxc3 23. bxc3 Bf2 24. Ba3+ Kf7 25. Rf1 Bxf1 26. Qh5+ Kg8 27. Qg6+
Qg7 28. f7# 1-0

[Event "Titled Tue 27th May Early"]
[Site "chess.com INT"]
[Date "2025.05.27"]
[Round "7"]
[White "Giri, Anish"]
[Black "Rustemov, Alexander"]
[Result "1-0"]
[WhiteTitle "GM"]
[BlackTitle "GM"]
[WhiteElo "2738"]
[BlackElo "2525"]
[WhiteFideId "24116068"]
[BlackFideId "4119002"]
[EventDate "2025.05.27"]

1. Nf3 d5 2. e3 Nf6 3. Be2 Bg4 4. h3 Bh5 5. c4 e6 6. Qb3 b6 7. Nc3 c6 8. d4 Bd6
9. cxd5 exd5 10. g4 Bg6 11. Nh4 O-O 12. Nxg6 hxg6 13. Bd2 Re8 14. g5 Ne4 15.
Nxe4 Rxe4 16. h4 Nd7 17. Rc1 Rc8 18. Bf3 Re7 19. Kf1 Nf8 20. Kg2 Ne6 21. Qd3 Qd7
22. b4 b5 23. Rc2 Nc7 24. Rhc1 Na8 25. Bxd5 Qg4+ 26. Kf1 Qxh4 27. Rxc6 Rec7 28.
Qxg6 Rxc6 29. Rxc6 Rxc6 30. Qxf7+ Kh7 31. g6+ Kh6 32. e4+ Kh5 33. Qf5+ 1-0

[Event "Titled Tue 27th May Early"]
[Site "chess.com INT"]
[Date "2025.05.27"]
[Round "7"]
[White "Uzdemir, Ali Poyraz"]
[Black "Masague Artero, Guerau"]
[Result "0-1"]
[WhiteTitle "CM"]
[BlackTitle "FM"]
[WhiteElo "2108"]
[BlackElo "2326"]
[WhiteFideId "51619733"]
[BlackFideId "32098952"]
[EventDate "2025.05.27"]

1. e4 g6 2. d4 Bg7 3. Nf3 d6 4. h3 Nf6 5. Nc3 O-O 6. Bd3 a6 7. O-O b5 8. a3 Bb7
9. Qe2 e6 10. Bg5 h6 11. Bh4 g5 12. Bg3 Nh5 13. Bh2 Nd7 14. Nd2 Nf4 15. Bxf4
gxf4 16. Qg4 Qg5 17. Nf3 Qxg4 18. hxg4 c5 19. dxc5 dxc5 20. Rad1 Rfd8 21. Rfe1
c4 22. Bf1 Bxc3 23. bxc3 Nc5 24. e5 Bxf3 25. gxf3 Na4 26. Rd4 Nxc3 27. Rxf4 Rd2
28. Rf6 Kg7 29. f4 Rad8 30. g5 hxg5 31. fxg5 R8d4 32. Bh3 Nd5 33. Rf3 Rxc2 34.
Kh1 Rd3 35. Bg2 Rxf3 36. Bxf3 Nf4 37. Re4 Nd3 38. Rd4 Nxe5 0-1

[Event "Titled Tue 27th May Early"]
[Site "chess.com INT"]
[Date "2025.05.27"]
[Round "7"]
[White "Bakhmatsky, Vladislav"]
[Black "Puzyrevsky, Semyon"]
[Result "0-1"]
[WhiteTitle "IM"]
[BlackTitle "FM"]
[WhiteElo "2433"]
[BlackElo "2253"]
[WhiteFideId "14124890"]
[BlackFideId "24240931"]
[EventDate "2025.05.27"]

1. b4 d5 2. Bb2 a5 3. b5 c5 4. bxc6 bxc6 5. Nf3 Nf6 6. e3 Bf5 7. c4 Nbd7 8. Nd4
Bxb1 9. Rxb1 Rc8 10. cxd5 cxd5 11. Bb5 e6 12. Qa4 Bd6 13. Nc6 Qc7 14. Qxa5 O-O
15. Qxc7 Rxc7 16. O-O Ne4 17. Rfd1 Rfc8 18. Nd4 Ne5 19. f3 Nc5 20. a4 Ra7 21.
Ba3 Bf8 22. Rdc1 Nc4 23. Bxc5 Rxc5 24. Bxc4 Rxc4 25. Rxc4 dxc4 26. Ra1 Rd7 27.
a5 Bc5 28. a6 e5 29. Nc6 Rxd2 30. Rb1 Bxe3+ 31. Kf1 h6 32. a7 Rf2+ 33. Ke1 Bxa7
34. Nxa7 Rxg2 35. Rb8+ Kh7 36. Rc8 Rxh2 37. Rxc4 Ra2 38. Nc6 f6 39. Nb4 Ra4 40.
Kd2 Kg6 41. Kd3 Kf5 42. Re4 h5 43. Nd5 Rxe4 44. fxe4+ Kg4 45. Ke2 Kg3 46. Ne3
Kf4 47. Nf5 g5 48. Ng7 h4 49. Ne8 Kg3 50. Nxf6 h3 0-1

[Event "Titled Tue 27th May Early"]
[Site "chess.com INT"]
[Date "2025.05.27"]
[Round "7"]
[White "Terlouw, Wouter"]
[Black "Parfenov, Viktor N."]
[Result "0-1"]
[WhiteTitle "CM"]
[BlackTitle "CM"]
[WhiteElo "2227"]
[BlackElo "2193"]
[WhiteFideId "1087401"]
[BlackFideId "4165969"]
[EventDate "2025.05.27"]

1. d4 d5 2. Nf3 Nf6 3. e3 c5 4. Bd3 e6 5. b3 cxd4 6. exd4 Nc6 7. Bb2 Bd6 8. O-O
b6 9. a3 Bb7 10. Ne5 O-O 11. f4 Ne7 12. Nd2 Rc8 13. Rf3 Ne4 14. Rh3 g6 15. Qe1
f6 16. Ng4 Bxf4 17. Bxe4 dxe4 18. d5 e5 19. Nxe4 Nxd5 20. Rd1 f5 21. Ngf6+ Rxf6
22. Nxf6+ Qxf6 23. c4 Ne7 24. Rd7 Bc6 25. Rxa7 Rd8 26. Rc3 Bd2 27. Qe2 Bxc3 28.
Bxc3 Qd6 29. Qxe5 Qxe5 30. Bxe5 Kf7 31. Bd6 Rxd6 0-1

[Event "Titled Tue 27th May Early"]
[Site "chess.com INT"]
[Date "2025.05.27"]
[Round "7"]
[White "Mikhalsky, Vladimir"]
[Black "Asish Panda"]
[Result "0-1"]
[WhiteElo "2219"]
[BlackElo "1911"]
[WhiteFideId "14144352"]
[BlackFideId "45012458"]
[EventDate "2025.05.27"]

1. d4 d5 2. c4 e6 3. Nf3 Nf6 4. g3 Be7 5. Bg2 O-O 6. O-O Ne4 7. Ne1 f5 8. f3 Nf6
9. Qc2 Bd7 10. Nd3 a6 11. c5 Nc6 12. e3 a5 13. a3 b6 14. Bd2 bxc5 15. Nxc5 e5
16. dxe5 Nxe5 17. Nxd7 Qxd7 18. Bc3 Nc4 19. Re1 Bc5 20. Bd4 Bxd4 21. exd4 Rfe8
22. Nc3 Rab8 23. Na4 Ne3 24. Rxe3 Rxe3 25. Nc5 Qb5 26. b3 Rbe8 27. h4 g6 28. a4
Qc6 29. Kh2 Qd6 30. Nb7 Qe7 31. Nxa5 f4 32. Nc6 fxg3+ 33. Kxg3 Nh5+ 34. Kh2
Qxh4+ 35. Kg1 Re1+ 36. Rxe1 Rxe1+ 37. Bf1 Nf4 0-1

[Event "Titled Tue 27th May Early"]
[Site "chess.com INT"]
[Date "2025.05.27"]
[Round "7"]
[White "Zhigalko, Sergei"]
[Black "Andreikin, Dmitry"]
[Result "0-1"]
[WhiteTitle "GM"]
[BlackTitle "GM"]
[WhiteElo "2572"]
[BlackElo "2695"]
[WhiteFideId "13502956"]
[BlackFideId "4158814"]
[EventDate "2025.05.27"]

1. e4 g6 2. d4 d6 3. Nc3 a6 4. Nf3 b5 5. a4 b4 6. Ne2 Nf6 7. Ng3 Bg7 8. Bd3 O-O
9. O-O c5 10. e5 Nd5 11. Be4 dxe5 12. dxe5 Be6 13. Qe2 Ra7 14. Ng5 Nc6 15. Nxe6
fxe6 16. f4 Nd4 17. Qc4 g5 18. Qxc5 Nxf4 19. Bxf4 Rc7 20. Qxb4 gxf4 21. Nh5 Nxc2
22. Bxc2 Rxc2 23. Nxg7 Kxg7 24. Rxf4 a5 25. Rxf8 Rxg2+ 26. Kh1 Qxf8 27. Qh4 Qa8 0-1

[Event "Titled Tue 27th May Early"]
[Site "chess.com INT"]
[Date "2025.05.27"]
[Round "7"]
[White "Shogdzhiev, Roman"]
[Black "Onyshchuk, Volodymyr"]
[Result "0-1"]
[WhiteTitle "FM"]
[BlackTitle "GM"]
[WhiteElo "2329"]
[BlackElo "2602"]
[WhiteFideId "55653537"]
[BlackFideId "14114038"]
[EventDate "2025.05.27"]

1. e4 d6 2. d4 g6 3. Nf3 Bg7 4. Bd3 Nf6 5. O-O O-O 6. Re1 Nc6 7. h3 e5 8. c3 Re8
9. a4 exd4 10. cxd4 Nb4 11. Nc3 Nxd3 12. Qxd3 a5 13. Bd2 b6 14. Rac1 Ba6 15. Nb5
Rc8 16. d5 Nd7 17. Bc3 Nc5 18. Qc4 Bxc3 19. Rxc3 Qf6 20. Re2 Re7 21. Rce3 Rce8
22. Qc2 Qg7 23. Nfd4 Bxb5 24. Nxb5 Qh6 25. e5 dxe5 26. d6 cxd6 27. Nxd6 Rd8 28.
Nc4 Qf4 29. Rxe5 Rxe5 30. Rxe5 Ne6 31. Re1 Rd4 32. b3 h5 33. Qc1 Qf6 34. Qe3 Nc5
35. Nxb6 Re4 36. Nd5 Qe5 0-1

[Event "Titled Tue 27th May Early"]
[Site "chess.com INT"]
[Date "2025.05.27"]
[Round "7"]
[White "Kim, Sergey"]
[Black "Nayem, Haque"]
[Result "0-1"]
[WhiteTitle "FM"]
[BlackTitle "FM"]
[WhiteElo "2295"]
[BlackElo "2180"]
[WhiteFideId "13700570"]
[BlackFideId "10217754"]
[EventDate "2025.05.27"]

1. d4 d5 2. c4 c6 3. Nf3 Nf6 4. Qc2 g6 5. e3 Bg7 6. Bd3 O-O 7. O-O Na6 8. a3 Nc7
9. b4 a5 10. Bb2 axb4 11. axb4 Rxa1 12. Bxa1 dxc4 13. Qxc4 Be6 14. Qc2 Ncd5 15.
Bc3 Qb6 16. Qd2 Ra8 17. h3 Nxc3 18. Qxc3 Nd5 19. Qd2 Qxb4 20. Ng5 Qxd2 21. Nxd2
Nb4 22. Nxe6 Nxd3 23. Nxg7 Kxg7 24. Rb1 b5 25. Kf1 Ra2 26. Ke2 Nb2 27. Kf3 Nd3
28. Rd1 b4 29. Ke2 Nb2 30. Rc1 Na4 31. Rxc6 b3 32. Rc4 b2 33. Kd3 b1=Q+ 34. Nxb1
Nb2+ 35. Kc3 Nxc4 36. Kxc4 Rxf2 37. g4 Rh2 38. e4 Rxh3 39. Nd2 Rg3 40. d5 Rxg4
41. Kd3 f6 42. Nc4 h5 43. Ke3 h4 44. Kf3 Rg3+ 45. Kf2 g5 46. d6 exd6 47. Nxd6
Kg6 48. Nf5 Ra3 49. Ne7+ Kh5 50. Nd5 Ra6 51. Ne3 g4 52. Nf5 Kg5 53. Ke3 Ra3+ 54.
Kf2 h3 0-1

[Event "Titled Tue 27th May Early"]
[Site "chess.com INT"]
[Date "2025.05.27"]
[Round "7"]
[White "Chen, Yidong"]
[Black "Bratovic, Blaz"]
[Result "0-1"]
[BlackTitle "IM"]
[WhiteElo "2038"]
[BlackElo "2319"]
[WhiteFideId "8607028"]
[BlackFideId "14603551"]
[EventDate "2025.05.27"]

1. e4 c5 2. Nf3 d6 3. d4 cxd4 4. Nxd4 Nf6 5. Nc3 a6 6. Bg5 e6 7. f4 Be7 8. Qf3
Qc7 9. O-O-O Nbd7 10. g4 b5 11. Bxf6 Nxf6 12. g5 Nd7 13. f5 O-O 14. Rg1 Ne5 15.
Qh5 b4 16. Nce2 Bb7 17. f6 Bd8 18. fxg7 Kxg7 19. Qh6+ Kg8 20. Bg2 Be7 21. Nf4
Ng4 22. Qh5 Ne3 23. g6 fxg6 24. Nxg6 Rf2 25. Nxe7+ Qxe7 26. Bh3+ Kh8 27. Bxe6
Bxe4 28. Rd2 Rf6 29. Bb3 Raf8 30. Re1 Rf1 31. Re2 Ng2 32. Rxf1 Rxf1+ 33. Kd2 Nf4
34. Qg4 Qg7 0-1

[Event "Titled Tue 27th May Early"]
[Site "chess.com INT"]
[Date "2025.05.27"]
[Round "7"]
[White "Diaz Vasquez, Martin"]
[Black "Gong, Qianyun"]
[Result "0-1"]
[WhiteTitle "CM"]
[BlackTitle "WGM"]
[WhiteElo "2266"]
[BlackElo "2265"]
[WhiteFideId "3410579"]
[BlackFideId "8602425"]
[EventDate "2025.05.27"]

1. d4 Nf6 2. c4 e6 3. Nf3 b6 4. a3 Bb7 5. Nc3 g6 6. d5 exd5 7. cxd5 d6 8. e4
Nbd7 9. Bd3 Bg7 10. O-O O-O 11. Bg5 h6 12. Bh4 Re8 13. Re1 g5 14. Bg3 Nc5 15.
Bc2 a5 16. Nd4 Nfd7 17. Nf5 Qf6 18. h4 Ne5 19. Nb5 Rac8 20. Nbd4 Bf8 21. f4 Ng6
22. hxg5 hxg5 23. e5 dxe5 24. fxe5 Qh8 25. e6 Bxd5 26. exf7+ Bxf7 27. b4 Rxe1+
28. Qxe1 Re8 29. Qd2 Ne4 30. Bxe4 Rxe4 31. Qxg5 Rxd4 32. Rf1 Rd5 33. Qg4 Qc3 34.
Nh6+ Bxh6 35. Rxf7 Kxf7 0-1

[Event "Titled Tue 27th May Early"]
[Site "chess.com INT"]
[Date "2025.05.27"]
[Round "7"]
[White "Teterev, Vitaly"]
[Black "Kourkoulos-Arditis, Stamatis"]
[Result "0-1"]
[WhiteTitle "GM"]
[BlackTitle "GM"]
[WhiteElo "2258"]
[BlackElo "2580"]
[WhiteFideId "13501429"]
[BlackFideId "4221990"]
[EventDate "2025.05.27"]

1. Nf3 d5 2. g3 b6 3. Bg2 Bb7 4. O-O e6 5. d3 Nf6 6. Nbd2 c5 7. e4 Nc6 8. Re1
Be7 9. c3 Qc7 10. Nf1 dxe4 11. dxe4 Rd8 12. Qe2 Nd7 13. e5 O-O 14. h4 h6 15.
N1h2 Rfe8 16. Ng4 Bf8 17. h5 Ne7 18. Bf4 Nf5 19. Rad1 c4 20. Rd2 b5 21. Red1 Nc5
22. Rxd8 Rxd8 23. Rxd8 Qxd8 24. Ne3 Nxe3 25. Bxe3 Nd3 26. Bxa7 Qa5 27. Qe3 Qxa2
28. b4 Qa1+ 29. Kh2 Qxc3 30. Bc5 Bxf3 31. Bxf3 Qxe5 32. Bc6 Bxc5 33. bxc5 Qxh5+
34. Kg2 Qxc5 35. Qxc5 Nxc5 36. Bxb5 c3 0-1

[Event "Titled Tue 27th May Early"]
[Site "chess.com INT"]
[Date "2025.05.27"]
[Round "7"]
[White "Logachiov, Aleksandr"]
[Black "Tan, Jun Ying"]
[Result "0-1"]
[WhiteTitle "CM"]
[BlackTitle "FM"]
[WhiteElo "2129"]
[BlackElo "2414"]
[WhiteFideId "24123706"]
[BlackFideId "5710413"]
[EventDate "2025.05.27"]

1. d4 Nf6 2. Bg5 c5 3. Bxf6 gxf6 4. dxc5 Qa5+ 5. c3 Qxc5 6. Nd2 d5 7. Ngf3 Nc6
8. e4 Bg4 9. Be2 O-O-O 10. Qb3 Bh6 11. exd5 Bxd2+ 12. Nxd2 Bxe2 13. dxc6 Ba6 14.
cxb7+ Kb8 15. O-O-O Be2 16. Rde1 Rxd2 17. Kxd2 Bc4 18. Qb4 Qxf2+ 19. Kc1 Bd3 20.
Qb3 Qf4+ 21. Kd1 Rd8 22. Qb4 Bf5+ 23. Qd4 Rxd4+ 24. cxd4 Qxd4+ 25. Ke2 Bg4+ 26.
Kf1 Be6 27. g3 Bc4+ 28. Kg2 Bd5+ 29. Kh3 Bxh1 30. Rxh1 Qxb2 31. Re1 Qxb7 32. Rd1
Qf3 33. Rd7 Qf1+ 34. Kh4 Qc4+ 35. Kh5 Qb5+ 0-1

[Event "Titled Tue 27th May Early"]
[Site "chess.com INT"]
[Date "2025.05.27"]
[Round "7"]
[White "Garcia, Jhoel"]
[Black "Provaznik, Michal"]
[Result "1-0"]
[WhiteTitle "IM"]
[BlackTitle "CM"]
[WhiteElo "2304"]
[BlackElo "2050"]
[WhiteFideId "3801110"]
[BlackFideId "315273"]
[EventDate "2025.05.27"]

1. e4 c5 2. c3 d5 3. exd5 Qxd5 4. d4 e5 5. dxe5 Qxd1+ 6. Kxd1 Bf5 7. Bb5+ Nc6 8.
Bxc6+ bxc6 9. Ne2 O-O-O+ 10. Ke1 f6 11. Na3 fxe5 12. Be3 Nf6 13. Nc4 Ng4 14. Bg5
Re8 15. h3 Bd3 16. Ne3 Nf6 17. Rd1 c4 18. Nc1 e4 19. Nxd3 cxd3 20. f3 exf3 21.
gxf3 Bc5 22. Rxd3 Nd5 23. Kd2 Bxe3+ 24. Bxe3 Rhf8 25. Bxa7 Rf7 26. Bc5 Nf4 27.
Re3 Rd7+ 28. Kc2 Red8 29. Rh2 g5 30. b4 Rd1 31. Bd4 Ra1 32. Kb2 Rf1 33. a4 1-0

[Event "Titled Tue 27th May Early"]
[Site "chess.com INT"]
[Date "2025.05.27"]
[Round "7"]
[White "Bukreev, Stanislav"]
[Black "Robert, Yoann"]
[Result "0-1"]
[WhiteTitle "FM"]
[BlackTitle "CM"]
[WhiteElo "2328"]
[BlackElo "2198"]
[WhiteFideId "34252347"]
[BlackFideId "36018805"]
[EventDate "2025.05.27"]

1. d4 f5 2. Nf3 Nf6 3. g3 g6 4. Bg2 Bg7 5. O-O O-O 6. c4 d6 7. Nc3 Nc6 8. d5 Na5
9. Ne5 dxe5 10. c5 b6 11. b4 Nb7 12. Ba3 a5 13. d6 axb4 14. Bxb4 bxc5 15. Bxc5
exd6 16. Bb4 Ra7 17. a4 e4 18. Nb5 Ra8 19. a5 Bd7 20. a6 Nc5 21. Bxc5 Bxb5 22.
Qb3+ Kh8 23. Qxb5 dxc5 24. a7 Qd6 25. Ra6 Qd2 26. Rb1 Ng4 27. Qb8 Qxe2 28. Ra3
Qxf2+ 29. Kh1 Ne3 30. Bh3 h5 31. Rxe3 Qxe3 32. Qxa8 Rxa8 33. Rb8+ Kh7 34. Rxa8
Qe1+ 35. Kg2 Qe2+ 36. Kh1 Qf3+ 37. Bg2 Qd1+ 0-1

[Event "Titled Tue 27th May Early"]
[Site "chess.com INT"]
[Date "2025.05.27"]
[Round "7"]
[White "Shukhman, Anna"]
[Black "Bahmani, Koorosh"]
[Result "1-0"]
[WhiteTitle "WGM"]
[BlackTitle "CM"]
[WhiteElo "2413"]
[BlackElo "2208"]
[WhiteFideId "54180058"]
[BlackFideId "42576750"]
[EventDate "2025.05.27"]

1. e4 c6 2. d4 d5 3. e5 Bf5 4. Nf3 e6 5. Be2 Nd7 6. O-O a5 7. a4 f6 8. Nh4 fxe5
9. Nxf5 exf5 10. c4 Ngf6 11. Nc3 e4 12. cxd5 cxd5 13. Qb3 Nb6 14. Bb5+ Kf7 15.
f3 Bb4 16. fxe4 Bxc3 17. bxc3 fxe4 18. Bg5 Rf8 19. Rae1 Kg6 20. Bh4 h6 21. Rb1
Kh7 22. Be2 Nc8 23. Qxb7 Nd6 24. Bxf6 Nxb7 25. Bxd8 Rxf1+ 26. Bxf1 Nxd8 27. Rb5
Rc8 28. Rxd5 Nf7 29. c4 Kg6 30. Rxa5 e3 31. Bd3+ Kf6 32. Kf1 Rb8 33. Rb5 Ra8 34.
a5 Nd6 35. Rb6 Ke7 36. a6 Nc8 37. Rb7+ Kd6 38. c5+ Kd5 39. Rd7+ Ke6 40. Rxg7 Kd5
41. Rd7+ Ke6 42. Rd8 1-0

[Event "Titled Tue 27th May Early"]
[Site "chess.com INT"]
[Date "2025.05.27"]
[Round "7"]
[White "Fernandez, Michael"]
[Black "Zobel, Christian"]
[Result "1-0"]
[WhiteTitle "FM"]
[BlackTitle "CM"]
[WhiteElo "2226"]
[BlackElo "2157"]
[WhiteFideId "5803560"]
[BlackFideId "16259068"]
[EventDate "2025.05.27"]

1. c4 c5 2. g3 g6 3. Bg2 Bg7 4. Nc3 Nc6 5. Nf3 e5 6. h4 h6 7. a3 d6 8. Rb1 a5 9.
Nd5 Nge7 10. d3 Nxd5 11. cxd5 Ne7 12. e4 a4 13. b4 axb3 14. Qxb3 Qa5+ 15. Kf1
O-O 16. Nd2 Qa4 17. Nc4 Qxb3 18. Rxb3 Ra6 19. Be3 f5 20. f3 f4 21. Bf2 fxg3 22.
Bxg3 Kh7 23. Ke2 Ng8 24. Bh3 Bxh3 25. Rxh3 Rb8 26. Rh1 Nf6 27. Rhb1 Nh5 28. Bf2
Nf4+ 29. Kd2 g5 30. hxg5 hxg5 31. Rxb7 Rxb7 32. Rxb7 Kg6 33. Be3 Ng2 34. Rb6
Rxb6 35. Nxb6 Nxe3 36. Kxe3 Bh6 37. a4 g4+ 38. Kf2 gxf3 39. a5 Be3+ 40. Kxe3 Kg5
41. Kxf3 1-0

[Event "Titled Tue 27th May Early"]
[Site "chess.com INT"]
[Date "2025.05.27"]
[Round "7"]
[White "Danzer, George"]
[Black "Alvarez Leon, Luis"]
[Result "1-0"]
[WhiteTitle "CM"]
[BlackTitle "FM"]
[WhiteElo "2172"]
[BlackElo "2178"]
[WhiteFideId "4659465"]
[BlackFideId "3600351"]
[EventDate "2025.05.27"]

1. e4 c5 2. Nf3 d6 3. d4 cxd4 4. Nxd4 Nf6 5. Nc3 a6 6. Bg5 Nbd7 7. Bd3 e6 8. Qe2
h6 9. Be3 Qc7 10. O-O-O b5 11. a3 Rb8 12. Na2 Be7 13. g4 Ne5 14. Rhg1 Bd7 15. h4
a5 16. g5 Nxd3+ 17. Qxd3 hxg5 18. hxg5 Nh5 19. g6 f6 20. Bd2 e5 21. Nf5 Bxf5 22.
exf5 Rc8 23. Nc3 b4 24. Nd5 Qc6 25. axb4 axb4 26. Nxb4 Qa4 27. c3 Qxb4 28. Kb1
Qa4 29. Rh1 Ra8 30. Qd5 Qa1+ 31. Kc2 Qa4+ 32. Kb1 Rb8 33. Be3 Qb5 34. Bc1 Qxd5
35. Rxd5 Kd7 36. Ra5 Rb7 37. Ra4 Bd8 38. Rah4 d5 39. Rxh5 Rxh5 40. Rxh5 Kd6 41.
Rh7 Bb6 42. Bh6 Bxf2 43. Rxg7 Rb8 44. Rf7 Bh4 45. g7 e4 46. Rf8 e3 47. Rxb8 e2
48. Re8 e1=Q+ 49. Rxe1 Bxe1 50. g8=Q 1-0

[Event "Titled Tue 27th May Early"]
[Site "chess.com INT"]
[Date "2025.05.27"]
[Round "7"]
[White "Kochiev, Ivan"]
[Black "Leschinsky, Gary"]
[Result "0-1"]
[WhiteTitle "CM"]
[WhiteElo "2138"]
[BlackElo "1992"]
[WhiteFideId "2917890"]
[BlackFideId "30951321"]
[EventDate "2025.05.27"]

1. e4 c6 2. d4 d5 3. Nd2 g6 4. c3 Bg7 5. Bd3 dxe4 6. Nxe4 Nf6 7. Nf3 O-O 8. O-O
Nxe4 9. Bxe4 Nd7 10. Re1 Nf6 11. Bc2 Nd5 12. h3 b5 13. a4 b4 14. c4 Nb6 15. b3
a5 16. Bb2 c5 17. Qe2 Bb7 18. Rad1 Bxf3 19. Qxf3 cxd4 20. c5 Rc8 21. cxb6 Rxc2
22. Re2 Rxe2 23. Qxe2 Qd5 24. Qc4 Qe4 25. Bxd4 Rd8 26. Qc7 Rxd4 27. Rxd4 Bxd4 0-1

[Event "Titled Tue 27th May Early"]
[Site "chess.com INT"]
[Date "2025.05.27"]
[Round "7"]
[White "Samunenkov, Ihor"]
[Black "Korchynskyi, Mykola"]
[Result "1-0"]
[WhiteTitle "GM"]
[BlackTitle "FM"]
[WhiteElo "2572"]
[BlackElo "2325"]
[WhiteFideId "14187086"]
[BlackFideId "34138005"]
[EventDate "2025.05.27"]

1. e4 e6 2. d4 d5 3. Nd2 c5 4. exd5 Qxd5 5. Ngf3 cxd4 6. Bc4 Qd6 7. O-O Nf6 8.
Nb3 Nc6 9. Nbxd4 Nxd4 10. Nxd4 Be7 11. c3 O-O 12. Qf3 Qc7 13. Bb3 a5 14. Re1 a4
15. Bf4 Qb6 16. Bc2 Bd7 17. Be5 Rac8 18. Qh3 g6 19. Qh6 Rfd8 20. Re3 Rc5 21. Qh4
Rxe5 22. Rxe5 Qxb2 23. Ree1 Qxc3 24. Rad1 Nd5 25. Qe4 Bf6 26. Ne2 Qa3 27. Bb1
Bc6 28. Qd3 Qc5 29. Rc1 Qb6 30. Qg3 Kg7 31. h4 h5 32. Rcd1 Rc8 33. Be4 1-0

[Event "Titled Tue 27th May Early"]
[Site "chess.com INT"]
[Date "2025.05.27"]
[Round "7"]
[White "Vyom Malhotra"]
[Black "Perry, Patrick"]
[Result "0-1"]
[WhiteTitle "CM"]
[WhiteElo "1975"]
[BlackElo "2296"]
[WhiteFideId "33383561"]
[BlackFideId "30917727"]
[EventDate "2025.05.27"]

1. Nf3 Nf6 2. c4 c5 3. Nc3 Nc6 4. g3 g6 5. Bg2 Bg7 6. O-O O-O 7. b3 d5 8. cxd5
Nxd5 9. Bb2 Nxc3 10. dxc3 Qxd1 11. Raxd1 Rd8 12. Rxd8+ Nxd8 13. Rd1 Bf5 14. Nh4
Be6 15. Ba3 Nc6 16. Bxc5 Bxc3 17. Bxc6 bxc6 18. Bxe7 a5 19. Rc1 Bb4 20. Bf6 c5
21. Bb2 a4 22. a3 Bd2 23. Rd1 Bg5 24. bxa4 Rxa4 25. Nf3 Be7 26. h4 f6 27. Nd2 c4
28. Ne4 Bxa3 29. Rd8+ Kf7 30. Bxf6 Bf5 31. Nc3 Ra6 32. Be5 Be7 33. Rb8 Ke6 0-1